Tragical history of Doctor Faustus (Record no. 10818)

MARC details
000 -LEADER
fixed length control field 00538cam a2200217ua 4500
001 - CONTROL NUMBER
control field 12047
005 - DATE AND TIME OF LATEST TRANSACTION
control field 20260515114830.0
008 - FIXED-LENGTH DATA ELEMENTS--GENERAL INFORMATION
fixed length control field 200211n ii |||gr||||Z||||||eng
020 ## - INTERNATIONAL STANDARD BOOK NUMBER
International Standard Book Number 8175810130
040 ## - CATALOGING SOURCE
Transcribing agency MAIN
041 ## - LANGUAGE CODE
Language code of text/sound track or separate title eng
082 ## - DEWEY DECIMAL CLASSIFICATION NUMBER
Classification number 822
100 ## - MAIN ENTRY--PERSONAL NAME
Personal name Christopher Marlowe,
Relator term Author.
245 ## - TITLE STATEMENT
Title Tragical history of Doctor Faustus
Statement of responsibility, etc. Ed. by Ramji Lal
250 ## - EDITION STATEMENT
Edition statement 47th ed.
260 ## - PUBLICATION, DISTRIBUTION, ETC.
Place of publication, distribution, etc. New Delhi:
Name of publisher, distributor, etc. Rama brothers,
Date of publication, distribution, etc. 2019.
300 ## - PHYSICAL DESCRIPTION
Extent 278p.
653 ## - INDEX TERM--UNCONTROLLED
Uncontrolled term English drama
700 ## - ADDED ENTRY--PERSONAL NAME
Personal name Ramji Lal,
Relator term Editor.
942 ## - ADDED ENTRY ELEMENTS (KOHA)
Koha item type Books
Holdings
Withdrawn status Lost status Damaged status Not for loan Home library Current library Shelving location Date acquired Total checkouts Full call number Barcode Date last seen Date last checked out Copy number Price effective from Koha item type
        Naharkatiya College Library Naharkatiya College Library General stacks 09/19/2020 6 822English drama | TRA 28196 11/17/2025 11/03/2025 1 09/19/2020 Books
        Naharkatiya College Library Naharkatiya College Library General stacks 09/19/2020 3 822English drama | TRA 28197 08/30/2024 08/14/2024 2 09/19/2020 Books